000 01256nam a22003497a 4500
003 CHAP
005 20220329141448.0
008 971013s1989 r 00010 d
010 _a68555
011 _a69527
035 _a79004
040 _cCHAP
090 _aTesis
100 0 0 _aCurti Díaz, Sergio Alberto.
_930715
245 _aReguladores del crecimiento y prácticas de manejo para modificar la floración del naranjo 'Valencia' (Citrus senensis (L.) Osbeck) en condiciones tropicales
260 _aChapingo, Méx. :
_bEl autor,
_c1989
300 _a116 h.
_b: ilus. gráfs.
500 _a29-193
502 _aTesis (Maestro en Ciencias Esp. en Fruticultura) -- C.P. Centro de Fruticultura
590 _aALEPH
_b10
_c20130110
_lUCH01
_h1405
590 _aBATCH-UPD
_b10
_c20130110
_lUCH01
_h1621
590 _aBATCH-UPD
_b10
_c20130410
_lUCH01
_h1016
590 _aBATCH-UPD
_b10
_c20130914
_lUCH01
_h1713
590 _aCONVERSION
_b10
_c20130109
_lUCH01
_h1338
650 1 4 _aNaranja
_xFloración.
_980163
650 1 4 _aNaranja
_zVeracruz.
_980199
650 1 4 _aPlantas
_xCrecimiento
_xAditivos.
_988804
901 _aBK
942 _cFOLL
949 _bBC
_cTES
_d-31881
_eTS1
_h21500
_i79004
_si
949 _bBC
_cTES
_d-95464
_eTS2
_fc.2
_h21501
_i79004
_si
999 _c68555
_d68555